<?xml version="1.0" encoding="UTF-8"?>
<record
    xmlns:xsi="http://www.w3.org/2001/XMLSchema-instance"
    xsi:schemaLocation="http://www.loc.gov/MARC21/slim http://www.loc.gov/standards/marcxml/schema/MARC21slim.xsd"
    xmlns="http://www.loc.gov/MARC21/slim">

  <leader>03066nkc a2200325za 4500</leader>
  <controlfield tag="001">84432</controlfield>
  <controlfield tag="003">OSt</controlfield>
  <controlfield tag="005">20260420150948.0</controlfield>
  <controlfield tag="007">kh boc</controlfield>
  <controlfield tag="008">250408s18901968sp ||||| |||| 00| i|spa d</controlfield>
  <datafield tag="040" ind1=" " ind2=" ">
    <subfield code="c">M-RABA</subfield>
    <subfield code="a">M-RABA</subfield>
    <subfield code="b">spa</subfield>
  </datafield>
  <datafield tag="245" ind1="0" ind2="1">
    <subfield code="a">[Restos de excavaciones arqueol&#xF3;gicas </subfield>
    <subfield code="b">: Szeged y H&#xF3;dmez&#xF3;v&#xE1;s&#xE1;rhely (Hungr&#xED;a)]</subfield>
    <subfield code="h">[Material gr&#xE1;fico]</subfield>
  </datafield>
  <datafield tag="260" ind1=" " ind2=" ">
    <subfield code="c">[ca. 1890 - 1968]</subfield>
  </datafield>
  <datafield tag="300" ind1=" " ind2=" ">
    <subfield code="a">5 fotograf&#xED;as</subfield>
    <subfield code="b">: gelatina</subfield>
    <subfield code="c">; imagen 12 x 17 cm</subfield>
    <subfield code="c">; soporte secundario 21,4 x 28 cm</subfield>
  </datafield>
  <datafield tag="500" ind1=" " ind2=" ">
    <subfield code="a">Conjunto de cinco fotograf&#xED;as de restos de excavaciones arqueol&#xF3;gicas conservadas en Instituto Universitario de Arqueolog&#xED;a de Szeged y al Museo de la ciudad de H&#xF3;dmez&#xF3;v&#xE1;s&#xE1;rhely.</subfield>
  </datafield>
  <datafield tag="500" ind1=" " ind2=" ">
    <subfield code="a">Montadas sobre soporte secundario de cart&#xF3;n.</subfield>
  </datafield>
  <datafield tag="500" ind1=" " ind2=" ">
    <subfield code="a">Anotaciones mecanografiadas al verso. Hacen referencia al Instituto Universitario de Arqueolog&#xED;a de Szeged y al Museo de la ciudad de H&#xF3;dmez&#xF3;v&#xE1;s&#xE1;rhely.</subfield>
  </datafield>
  <datafield tag="500" ind1=" " ind2=" ">
    <subfield code="a">Fechas tomadas del auge en las excavaciones arqueol&#xF3;gicas de Hungr&#xED;a.</subfield>
  </datafield>
  <datafield tag="505" ind1=" " ind2=" ">
    <subfield code="a">Fot-563. "Szeged: Egyetemi archeeologiai int&#xE9;zet. Kett&#xF3;s lak&#xF3;g&#xF6;d&#xF6;r az &#xF3;szentiv&#xE1;ni bronzkori telepr&#xF3;l." -- Fot-564. "H&#xF3;dmez&#xF3;v&#xE1;s&#xE1;rhely 9 V&#xE1;rosi muzeum. R&#xE9;szlet a Kotacparti tiszai III. Kultura telep&#xE9;r&#xF3;l" -- Fot-565. "H&#xF3;dmez&#xF3;v&#xE1;s&#xE1;rhely 9 V&#xE1;rosi muzeum. Ed&#xE9;nyek a K&#xF6;k&#xE9;nydombi egyik Kunyh&#xF3; padozat&#xE1;n" -- Fot-566. "Szeged: Egyetemi archeeologiai int&#xE9;zet. Lak&#xF3;g&#xF6;d&#xF6;r az &#xF3;szentiv&#xE1;ni bronzkori telepr&#xF3;l" -- Fot-567. "Szeged: Egyetemi archeeologiai int&#xE9;zet. &#xD3;szentiv&#xE1;ni bronzkori telep ed&#xE9;nyei"</subfield>
  </datafield>
  <datafield tag="505" ind1=" " ind2=" ">
    <subfield code="a">Traducciones: Fot-563. "Szeged: Instituto Universitario de Arqueolog&#xED;a. Instituto Arqueol&#xF3;gico H&#xFA;ngaro" -- Fot-564. "Museo de la ciudad de H&#xF3;dmez&#xF3;v&#xE1;s&#xE1;rhely 9. Detalle de la 3&#xAA; Colonia Cultural en Kotacparti, Tisza" -- Fot-565. "Museo de la ciudad de H&#xF3;dmez&#xF3;v&#xE1;s&#xE1;rhely 9. Vasijas en el suelo de una caba&#xF1;a en K&#xF6;k&#xE9;nydombi" -- Fot-566. "Szeged: Instituto Universitario de Arqueolog&#xED;a. Instituto Arqueol&#xF3;gico H&#xFA;ngaro" -- Fot-567. "Szeged: Instituto Universitario de Arqueolog&#xED;a. Universidad de Arqueolog&#xED;a"</subfield>
  </datafield>
  <datafield tag="651" ind1=" " ind2="7">
    <subfield code="a">Hungr&#xED;a</subfield>
    <subfield code="2">embne</subfield>
    <subfield code="9">75079</subfield>
  </datafield>
  <datafield tag="655" ind1=" " ind2="7">
    <subfield code="a">Fotograf&#xED;as.</subfield>
    <subfield code="9">54128</subfield>
  </datafield>
  <datafield tag="852" ind1=" " ind2=" ">
    <subfield code="j">Fot-563 ; Fot-564 ; Fot-565 ; Fot-566 ; Fot-567</subfield>
  </datafield>
  <datafield tag="856" ind1=" " ind2=" ">
    <subfield code="3">Fot-563</subfield>
    <subfield code="u">https://archivoybiblioteca.realacademiabellasartessanfernando.com/cgi-bin/koha/opac-retrieve-file.pl?id=44349c20cd8957d2a33400c0eb348fed</subfield>
  </datafield>
  <datafield tag="856" ind1=" " ind2=" ">
    <subfield code="3">Fot-564</subfield>
    <subfield code="u">https://archivoybiblioteca.realacademiabellasartessanfernando.com/cgi-bin/koha/opac-retrieve-file.pl?id=1b1504c6c5c91ff0610d775b96c41072</subfield>
  </datafield>
  <datafield tag="856" ind1=" " ind2=" ">
    <subfield code="3">Fot-565</subfield>
    <subfield code="u">https://archivoybiblioteca.realacademiabellasartessanfernando.com/cgi-bin/koha/opac-retrieve-file.pl?id=c86beb3d3b80d5549fee0e052377e302</subfield>
  </datafield>
  <datafield tag="856" ind1=" " ind2=" ">
    <subfield code="3">Fot-566</subfield>
    <subfield code="u">https://archivoybiblioteca.realacademiabellasartessanfernando.com/cgi-bin/koha/opac-retrieve-file.pl?id=f5aa6641a6fbd8b17956b5142a80ebb0</subfield>
  </datafield>
  <datafield tag="856" ind1=" " ind2=" ">
    <subfield code="3">Fot-567</subfield>
    <subfield code="u">https://archivoybiblioteca.realacademiabellasartessanfernando.com/cgi-bin/koha/opac-retrieve-file.pl?id=20d011a5006abf582592661dd0979b15</subfield>
  </datafield>
  <datafield tag="942" ind1=" " ind2=" ">
    <subfield code="2">ddc</subfield>
    <subfield code="c">FOTOGRAF&#xCD;A</subfield>
    <subfield code="n">0</subfield>
  </datafield>
  <datafield tag="952" ind1=" " ind2=" ">
    <subfield code="0">0</subfield>
    <subfield code="1">0</subfield>
    <subfield code="2">ddc</subfield>
    <subfield code="4">0</subfield>
    <subfield code="7">0</subfield>
    <subfield code="8">FOTOGRAFIA</subfield>
    <subfield code="a">RABASF</subfield>
    <subfield code="b">RABASF</subfield>
    <subfield code="c">DP2</subfield>
    <subfield code="d">2025-04-08</subfield>
    <subfield code="l">0</subfield>
    <subfield code="o">Fot-563</subfield>
    <subfield code="p">1095307</subfield>
    <subfield code="r">2025-04-08 13:34:00</subfield>
    <subfield code="w">2025-04-08</subfield>
    <subfield code="y">FOTOGRAF&#xCD;A</subfield>
  </datafield>
  <datafield tag="952" ind1=" " ind2=" ">
    <subfield code="0">0</subfield>
    <subfield code="1">0</subfield>
    <subfield code="2">ddc</subfield>
    <subfield code="4">0</subfield>
    <subfield code="7">0</subfield>
    <subfield code="8">FOTOGRAFIA</subfield>
    <subfield code="a">RABASF</subfield>
    <subfield code="b">RABASF</subfield>
    <subfield code="c">DP2</subfield>
    <subfield code="d">2026-04-20</subfield>
    <subfield code="l">0</subfield>
    <subfield code="o">Fot-564</subfield>
    <subfield code="p">1096997</subfield>
    <subfield code="r">2026-04-20 13:40:30</subfield>
    <subfield code="w">2026-04-20</subfield>
    <subfield code="y">FOTOGRAF&#xCD;A</subfield>
  </datafield>
  <datafield tag="952" ind1=" " ind2=" ">
    <subfield code="0">0</subfield>
    <subfield code="1">0</subfield>
    <subfield code="2">ddc</subfield>
    <subfield code="4">0</subfield>
    <subfield code="7">0</subfield>
    <subfield code="8">FOTOGRAFIA</subfield>
    <subfield code="a">RABASF</subfield>
    <subfield code="b">RABASF</subfield>
    <subfield code="c">DP2</subfield>
    <subfield code="d">2026-04-20</subfield>
    <subfield code="l">0</subfield>
    <subfield code="o">Fot-565</subfield>
    <subfield code="p">1096998</subfield>
    <subfield code="r">2026-04-20 13:40:30</subfield>
    <subfield code="w">2026-04-20</subfield>
    <subfield code="y">FOTOGRAF&#xCD;A</subfield>
  </datafield>
  <datafield tag="952" ind1=" " ind2=" ">
    <subfield code="0">0</subfield>
    <subfield code="1">0</subfield>
    <subfield code="2">ddc</subfield>
    <subfield code="4">0</subfield>
    <subfield code="7">0</subfield>
    <subfield code="8">FOTOGRAFIA</subfield>
    <subfield code="a">RABASF</subfield>
    <subfield code="b">RABASF</subfield>
    <subfield code="c">DP2</subfield>
    <subfield code="d">2026-04-20</subfield>
    <subfield code="l">0</subfield>
    <subfield code="o">Fot-566</subfield>
    <subfield code="p">1096999</subfield>
    <subfield code="r">2026-04-20 13:40:30</subfield>
    <subfield code="w">2026-04-20</subfield>
    <subfield code="y">FOTOGRAF&#xCD;A</subfield>
  </datafield>
  <datafield tag="952" ind1=" " ind2=" ">
    <subfield code="0">0</subfield>
    <subfield code="1">0</subfield>
    <subfield code="2">ddc</subfield>
    <subfield code="4">0</subfield>
    <subfield code="7">0</subfield>
    <subfield code="8">FOTOGRAFIA</subfield>
    <subfield code="a">RABASF</subfield>
    <subfield code="b">RABASF</subfield>
    <subfield code="c">DP2</subfield>
    <subfield code="d">2026-04-20</subfield>
    <subfield code="l">0</subfield>
    <subfield code="o">Fot-567</subfield>
    <subfield code="p">1097000</subfield>
    <subfield code="r">2026-04-20 13:40:30</subfield>
    <subfield code="w">2026-04-20</subfield>
    <subfield code="y">FOTOGRAF&#xCD;A</subfield>
  </datafield>
  <datafield tag="999" ind1=" " ind2=" ">
    <subfield code="c">84432</subfield>
    <subfield code="d">84432</subfield>
  </datafield>
</record>
